000 00466nam a22001697a 4500
005 20251108173056.0
008 250721s2005 xx 000 0 ara d
082 1 4 _a635/ كفا
100 1 _aكفاوين، إيمان
245 1 0 _aالزراعة في المنزل /
264 1 _aعمان :
_bدار عالم الثقافة،
_c2005.
300 _a160ص.
650 1 7 _aزراعة الحدائق
650 1 7 _aزراعة
942 _2ddc
_cBK
999 _c95472
_d95472